| 000 | 00456nam a2200181Ia 4500 | ||
|---|---|---|---|
| 001 | 23687 | ||
| 005 | 20260414150954.0 | ||
| 008 | 260414t2013||||xx |||||||||||||| ||spa|| | ||
| 041 | _aESP | ||
| 082 |
_a690.1 _bF339 |
||
| 100 |
_aFewings, Peter _eAUT |
||
| 245 | 0 |
_aConstruction project management : _ban integrated approach |
|
| 260 | _c2013 | ||
| 300 |
_axxviii, 592 páginas : _c24 cm. |
||
| 650 | _a0 | ||
| 654 | _aCIC | ||
| 942 |
_cLIB _dJUS _fJUS _2ddc _n |
||
| 999 |
_c23687 _d23687 |
||